logo

Bir Sreshtho Munshi Abdur Rouf Library
Jhenaidah Cadet College

উচ্চ মাধ্যমিক উদ্ভিদ বিজ্ঞান / (Record no. 5498)

MARC details
000 -LEADER
fixed length control field 00725nam a2200217 a 4500
001 - CONTROL NUMBER
JCCL Control Number 5498
003 - CONTROL NUMBER IDENTIFIER
JCCL marc code BD-JhCC
005 - DATE AND TIME OF LATEST TRANSACTION
control field 20180210164303.0
008 - FIXED-LENGTH DATA ELEMENTS--GENERAL INFORMATION
fixed length control field 171217s1974 bg ||||| |||| 00| 0 ben d
035 ## - SYSTEM CONTROL NUMBER
system control number (BD-JhCC)5498
040 ## - CATALOGING SOURCE
Original cataloging agency BD-JhCC
Modifying agency BD-JhCC
041 ## - LANGUAGE CODE
Language code of Book ben
082 ## - DEWEY DECIMAL CLASSIFICATION NUMBER
Classification number 581
Author mark and Year HAS 1974
100 ## - MAIN ENTRY--PERSONAL NAME
Personal name হাসান, ডক্টর মোহাম্মদ আবুল
245 ## - TITLE STATEMENT
Title উচ্চ মাধ্যমিক উদ্ভিদ বিজ্ঞান /
Statement of responsibility, etc ডক্টর মোহাম্মদ আবুল হাসান
260 ## - PUBLICATION, DISTRIBUTION, ETC. (IMPRINT)
Place of publication, distribution, etc ঢাকা :
Name of publisher, distributor, etc হাসান বুক হাউস,
Date of publication, distribution, etc 1974.
300 ## - PHYSICAL DESCRIPTION
Pagination 768 p. :
Dimensions 23 cm.
650 ## - SUBJECT ADDED ENTRY--TOPICAL TERM
Topical term or geographic name as entry element Botany
942 ## - ADDED ENTRY ELEMENTS (KOHA)
Source of classification or shelving scheme Dewey Decimal Classification
Koha item type Books
Holdings
Source of classification or shelving scheme Damaged status Not for loan Home library Current library Shelving location Date of accession Cost, normal purchase price Total Checkouts Full call number Barcode Date last seen Date checked out Copy number Koha item type
Dewey Decimal Classification     JCC Rouf Library JCC Rouf Library General Stacks 12/17/2017 240.00 1 581 HAS 1974 7733 07/17/2024 07/01/2024 C - 1 Books
Dewey Decimal Classification     JCC Rouf Library JCC Rouf Library General Stacks 02/05/2018 240.00   581 HAS 1974 8659 02/05/2018   C-2 Books
Dewey Decimal Classification     JCC Rouf Library JCC Rouf Library General Stacks 02/08/2018 240.00   581 HAS 1974 8628 02/08/2018   C-3 Books

JCC Library | Contacts | JCC Home

Last Update on 23 September 2017
Copyright @ 2017-2020 JCC Rouf Library
Rouf Library, Jhenidah Cadet College (JCC), Bangladesh